Datos sanitarios electrónicos : el espacio europeo de datos sanitarios /

Uloženo v:
Podrobná bibliografie
Hlavní autor: Navas Navarro, Susana (autor.)
Médium: E-kniha
Jazyk:španělština
Vydáno: Madrid : Editorial Reus, 2023.
Edice:Colección Derecho digital ; 1.
Témata:
On-line přístup:https://elibro.unach.elogim.com/es/lc/unach/titulos/284164
Tagy: Přidat tag
Žádné tagy, Buďte první, kdo vytvoří štítek k tomuto záznamu!

MARC

LEADER 00000nam a2200000 i 4500
001 ELB284164
003 FINmELB
005 20250722113732.0
006 m o u
007 cr cn|||||||||
008 250722s2023 sp ob 000 0 spa d
020 |z 9788429027037 
035 |a (OCoLC)1528758221 
040 |a FINmELB  |b spa  |e rda  |c FINmELB 
050 1 4 |a JF1525.A8  |b N322 2023 
080 |a 004.738.5:35(4-672 UE) 
082 0 4 |a 352.3802854678  |2 23 
100 1 |a Navas Navarro, Susana,  |e autor. 
245 1 0 |a Datos sanitarios electrónicos :  |b el espacio europeo de datos sanitarios /  |c Susana Navas Navarro. 
264 1 |a Madrid :  |b Editorial Reus,  |c 2023. 
300 |a 1 recurso en línea (308 páginas) 
336 |a texto  |b txt  |2 rdamedia/spa 
337 |a computadora  |b c  |2 rdamedia/spa 
338 |a recurso en línea  |b cr  |2 rdacarrier/spa 
490 1 |a Colección Derecho digital ;  |v 1 
504 |a Incluye referencias bibliográficas. 
588 |a Descripción basada en metadatos suministrados por el editor y otras fuentes. 
590 |a Recurso electrónico. Santa Fe, Arg.: elibro, 2024. Disponible vía World Wide Web. El acceso puede estar limitado para las bibliotecas afiliadas a elibro. 
650 4 |a Administración digital  |x Derecho y legislación  |z Países de la Unión Europea. 
650 4 |a Protección de datos. 
650 4 |a Servicios de salud  |x Administración. 
655 4 |a Libros electrónicos. 
797 2 |a elibro, Corp. 
830 0 |a Colección Derecho digital ;  |v 1. 
856 4 0 |u https://elibro.unach.elogim.com/es/lc/unach/titulos/284164